00426pab a2200145 454500008004000000100001800040245009800058260000900156300001300165362001100178650001500189650001600204700002600220773003400246180718b2017 xxu||||| |||| 00| 0 eng d aShah, Tushaar aFarm power policies and groundwater markets: contrasting Gujarat with West Bengal (1990-2015) c2017 ap.39-47. a24 Jun aIrrigation aGroundwater aChowdhury, Sujata Das aEconomic and Political Weekly